00748nam a2200217Ia 4500008004100000020001500041040001800056041000800074100003200082245013600114260004900250300001800299504003500317650002500352650001500377650002500392650002000417650002600437650002500463700004200488130821s1987 sp gr spa  a8474261309 aCo-BoUCMbspa00aspa1 aBataille, Georged1897-196203aLa parte maldita precedida de la noción de gastocGeorge Bataille ; epílogo, traducción y notas Francisco Muñoz de Escalona aBarcelona (España)bEditorial ICARIAc1987 a249 páginas aIncluye indice y bibliografia.04aConsumo (Economía)04aEconomía04aHistoria económica04aMacroeconomía04aSistemas económicos04aTeoría económica1 aMuñoz de Escalona, Franciscoetrad.